McNae's essential law for journalists / (Record no. 4533)

MARC details
000 -LEADER
fixed length control field 00723nam a22002292 4500
001 - CONTROL NUMBER
control field 0000024466
005 - DATE AND TIME OF LATEST TRANSACTION
control field 20151217145948.0
008 - FIXED-LENGTH DATA ELEMENTS--GENERAL INFORMATION
fixed length control field 131217s xx 000 0 eng d
020 ## - INTERNATIONAL STANDARD BOOK NUMBER
International Standard Book Number 0199608690 :
040 ## - CATALOGING SOURCE
Original cataloging agency KABU
Transcribing agency KABU
245 10 - TITLE STATEMENT
Title McNae's essential law for journalists /
Statement of responsibility, etc. Mark Hanna, Mike Dodd.
250 ## - EDITION STATEMENT
Edition statement 21st ed.
260 ## - PUBLICATION, DISTRIBUTION, ETC. (IMPRINT)
Place of publication, distribution, etc. Oxford :
Name of publisher, distributor, etc. O. U. P.,
Date of publication, distribution, etc. 2012.
300 ## - PHYSICAL DESCRIPTION
Extent xxxvi, 477 p.
650 #0 - SUBJECT ADDED ENTRY--TOPICAL TERM
Topical term or geographic name as entry element Press law
Geographic subdivision Great Britain.
-- 0000179222
650 #0 - SUBJECT ADDED ENTRY--TOPICAL TERM
Topical term or geographic name as entry element Journalists
General subdivision Legal status, law, etc.
Geographic subdivision Great Britain.
-- 0000184614
700 1# - ADDED ENTRY--PERSONAL NAME
Personal name Hanna, Mark.
-- 0000184615
700 1# - ADDED ENTRY--PERSONAL NAME
Personal name Dodd, Mike.
-- 0000037164
852 1# - LOCATION
-- p3105 KES
908 ## - PUT COMMAND PARAMETER (RLIN)
Put command parameter 131217
950 ## - LOCAL HOLDINGS (RLIN)
-- 1
Holdings
Withdrawn status Lost status Source of classification or shelving scheme Not for loan Home library Current library Date acquired Total Checkouts Full call number Barcode Date last seen Price effective from Koha item type
    Library of Congress Classification   Kabarak, Main Campus Kabarak, Main Campus 17/12/2015   KD2870 .M36 2012 c. 1 016214 17/12/2015 17/12/2015 General Collection
Designed with assistance from East African Informatics Ltd